000 01091nam0a22003011 4500
001 rc\2613546
005 20120207130310.2
021 _aRU
_b75-74579
021 _aRU
_bРг3870-76
035 _a(NLR Aleph) 007229828
090 _a7723669
_c7723669
100 _a20120207d1975 |||y0rusy50 ca
101 0 _arus
102 _aRU
105 _aac z |||||
200 1 _aЖизнь, отданная борьбе
_e[Сборник воспоминаний о В.З. Хоружей]
210 _aМинск
_cБеларусь
_d1975
215 _a175 с., 8 л. ил., портр.
_cил.
_d18
300 _aНа обороте тит. л. сост.: Н.А. Селедиевская, А.И. Селедиевский, А.П. Ярохин
702 1 _aЯрохин
_bА. П.
_4220
702 1 _aХоружая
_bВ. З.
_d1903-1942
_gВера Захаровна
_4570
702 1 _aСеледиевский
_bА. И.
_4220
702 1 _aСеледиевская
_bН. А.
_4220
801 0 _aRU
_bNLR
_gpsbo
801 1 _aRU
_bELAR
_2rusmarc
852 _aNLR
_j76-3/1830
942 _cBOOK
980 _aNB